Sovrani di Russia - Statistics

Statistiche generali
  • Questo quiz è stato fatto 126 volte
  • Il punteggio medio è 20 su 39
Statistiche sulle risposte
Suggerimento Risposta % Corretto
1325-1340 Ivan I
95%
1353-1359 Ivan II
95%
1462-1505 Ivan III
95%
1533-1584 Ivan IV
95%
1682-1696 Ivan V
95%
1740-1741 Ivan VI
95%
1825-1855 Nicola I
95%
1894-1917 Nicola II
95%
1682-1725 Pietro I
92%
1727-1730 Pietro II
92%
1762 Pietro III
92%
1725-1727 Caterina I
90%
1762-1796 Caterina II
90%
1801-1825 Alessandro I
88%
1855-1881 Alessandro II
88%
1881-1894 Alessandro III
88%
1613-1645 Michele
41%
1796-1801 Paolo
37%
1645-1676 Alessio
34%
1359-1389 Dimitri
33%
1741-1762 Elisabetta
33%
1730-1740 Anna
32%
1825 Costantino I
25%
1389-1425 Basilio I
23%
1425-1462 Basilio II
23%
1505-1533 Basilio III
23%
1606-1610 Basilio IV
23%
1598-1605 Boris
23%
1605-1606 Falso Dimitri I
15%
1606-1610 Falso Dimitri II
15%
1611-1612 Falso Dimitri III
15%
1584-1598 Fiodor I
14%
1605 Fiodor II
14%
1676-1682 Fiodor III
14%
1303-1325 Juri
14%
1610-1613 Ladislao I
12%
1283-1303 Daniele
11%
1598 Irina
10%
1340-1353 Simeone
10%
Nessun quiz corrispondente trovato
Distribuzione punteggi
Percentuale di utenti per punteggio
Percentile per numero di risposta
I tuoi punteggi nel tempo
Non hai fatto questo quiz